000 00884nam a22002297a 4500
003 0
005 20250125142225.0
008 250125b xxu||||| |||| 00| 0 eng d
050 _aHF 5415.127
_b.G66 2023
100 _aGonzales, Carlo John M.
245 _aThe impact of product packaging on consumer buying decision of selected respondents in Las Piñas City
_cCarlo John M. Gonzales
260 _aLas Pinas City
_bSouthville International School and Colleges
_c2023
300 _aix, 127 pages :
_billustrations ;
_c28cm.
500 _aMarketing Management.
504 _aIncludes bibliographical references and index.
650 _aProduct packaging--Research.
650 _aConsumer behavior--Research.
650 _aBuying decisions--Research.
650 _aMarketing strategies--Research.
650 _aPackaging design—Psychological aspects.
942 _2lcc
_cTH
999 _c367064
_d367064